000 01071nam a2200205 a 4500
001 5759
003 CO-ViMGA
008 141112s2004 ck r 000 u spa d
040 _aCO-ViMGA
_bspa
_cCO-ViMGA
082 0 4 _aR809 R468u
100 1 _aRiquer, Martin de
_94253
245 1 0 _aHistoria de la literatura universal :
_bcon textos antológicos y resumenes argumentales /
_cRiquer Martin de , Valverde Jose María
250 _a2a
260 _aBarcelona :
_bPlaneta,
_c1991
300 _a10 v : il
490 _aContenido : V.1, La literatura antigua en griego y en latin; V.2, Literaturas medievales de transmisión oral; V.3, Literaturas medievales de trasmición escrita; V.4, El renacimiento, desde sus preliminares; V.5, Reforma contrareforma y barroco; V.6, Edad de la razón y prerromanticismo; V.7, Romanticismo; V.8, La entrada al siglo XX; V.9 - V.10, De las vanguardias a nuestros días
590 _aDatos de inventario : 05498, 05499, 05500, 05501, 05502, 05503, 05504, 05505, 05506, 05507
650 1 4 _aLITERATURA - HISTORIA
_93488
942 _2ddc
_cBK
999 _c17739
_d17739